000
00252nam a22001217a 4500
008
170905b xxu||||| |||| 00| 0 eng d
041
_a
eng
080
_a
611.71
100
_a
04
101
_a
MK
245
_a
OSTEOLOGJIA
_c
GASHI,A,A
942
_2
udc
_c
BK
999
_c
26129
_d
26129